[Event "Wroclaw op-B"]
[Site "Wroclaw"]
[Date "2024.08.14"]
[Round "9"]
[White "Haluja, Wiktor"]
[Black "Werblinski, Wojciech"]
[Result "0-1"]
[WhiteElo "1870"]
[BlackElo "1762"]
[PlyCount "56"]
[EventDate "2024.08.08"]
[EventType "swiss"]
[EventRounds "9"]
[EventCountry "POL"]
[SourceTitle "EXT 2025"]
[Source "ChessBase"]
[SourceDate "2024.10.14"]
[SourceVersion "1"]
[SourceVersionDate "2024.10.14"]
[SourceQuality "1"]

1. e4 c6 2. Nf3 d5 3. d3 dxe4 4. dxe4 Qxd1+ 5. Kxd1 Bg4 6. Be2 e6 7. Ne1 Bxe2+ 8. Kxe2 Nd7 9. Nd3 Ngf6 10. f3 Nc5 11. Ne5 Bd6 12. Nc4 Bc7 13. Be3 Ncd7 14. a4 0-0 15. a5 b5 16. Nca3 a6 17. b4 Bd6 18. c3 c5 19. bxc5 Bxc5 20. Nd2 Rac8 21. c4 b4 22. Nc2 Bxe3 23. Kxe3 b3 24. Nxb3 Rxc4 25. Ncd4 Rb8 26. Nd2 Rc3+ 27. Ke2 Rb4 28. N2b3 e5 0-1

[Event "Wroclaw op-B"]
[Site "Wroclaw"]
[Date "2024.08.13"]
[Round "8"]
[White "Swierczynski, Jan"]
[Black "Haluja, Wiktor"]
[Result "1/2-1/2"]
[WhiteElo "1813"]
[BlackElo "1870"]
[PlyCount "42"]
[EventDate "2024.08.08"]
[EventType "swiss"]
[EventRounds "9"]
[EventCountry "POL"]
[SourceTitle "EXT 2025"]
[Source "ChessBase"]
[SourceDate "2024.10.14"]
[SourceVersion "1"]
[SourceVersionDate "2024.10.14"]
[SourceQuality "1"]

1. d4 g6 2. Nc3 Bg7 3. e4 d5 4. exd5 Nf6 5. Nf3 Nxd5 6. Nxd5 Qxd5 7. c3 0-0 8. Be2 c5 9. dxc5 Qxc5 10. 0-0 Qc7 11. Be3 Nc6 12. Qa4 e5 13. Rad1 Bf5 14. Qh4 Nd8 15. g4 Bd7 16. Ng5 h6 17. Ne4 g5 18. Qh5 Ne6 19. Nd6 Nf4 20. Bxf4 exf4 21. Bc4 Be6 1/2-1/2

[Event "POL-ch Blitz U18"]
[Site "Bydgoszcz"]
[Date "2023.08.31"]
[Round "1"]
[White "Kacprzak, Karol1"]
[Black "Haluja, Wiktor"]
[Result "1-0"]
[WhiteElo "2315"]
[BlackElo "1593"]
[PlyCount "71"]
[EventDate "2023.08.28"]
[EventType "swiss"]
[EventRounds "10"]
[EventCountry "POL"]
[SourceTitle "CBM 216 Extra"]
[Source "ChessBase"]
[SourceDate "2023.11.30"]
[SourceVersion "1"]
[SourceVersionDate "2023.11.30"]
[SourceQuality "1"]

1. e4 c6 2. d4 d5 3. e5 c5 4. dxc5 e6 5. Nf3 Bxc5 6. Bd3 f6 7. 0-0 Nc6 8. Qe2 fxe5 9. Nxe5 Nxe5 10. Qxe5 Nf6 11. Bf4 0-0 12. Bg3 Ng4 13. Qe2 Nf6 14. Nd2 Bd6 15. Bxd6 Qxd6 16. Nf3 Nd7 17. Rfe1 Nc5 18. Rad1 Nxd3 19. Rxd3 Bd7 20. Re3 Rae8 21. Nd4 Qb4 22. c3 Qa5 23. a3 Qb6 24. Re5 Kh8 25. h3 Rf6 26. Qd2 Ref8 27. R1e2 a6 28. Nf3 Bb5 29. Re1 Bd7 30. b4 Qc7 31. R5e3 a5 32. Qd4 Rf4 33. Qe5 Qxe5 34. Nxe5 Bc8 35. f3 R4f6 36. bxa5 1-0

[Event "Wroclaw Anderssen Memorial op-B"]
[Site "Wroclaw"]
[Date "2023.??.??"]
[Round "2"]
[White "Korolewicz, Pawel"]
[Black "Haluja, Wiktor"]
[Result "1-0"]
[WhiteElo "1715"]
[BlackElo "1593"]
[PlyCount "81"]
[EventDate "2023.08.06"]
[EventType "swiss"]
[EventRounds "9"]
[EventCountry "POL"]
[SourceTitle "EXT 2024"]
[Source "ChessBase"]
[SourceDate "2023.10.10"]
[SourceVersion "1"]
[SourceVersionDate "2023.10.10"]
[SourceQuality "1"]

1. e4 c6 2. d4 d5 3. exd5 cxd5 4. c4 Nf6 5. c5 Nc6 6. Nc3 g6 7. Nf3 Bg7 8. Bb5 0-0 9. Be3 Bg4 10. Be2 e6 11. a3 Ne4 12. 0-0 Rc8 13. Rc1 Qa5 14. Nb5 a6 15. b4 Qd8 16. Nc3 f5 17. Nxe4 dxe4 18. Ng5 Bxe2 19. Qxe2 Qd5 20. Qc4 f4 21. Nxe6 Qxc4 22. Rxc4 fxe3 23. Nxf8 exf2+ 24. Rxf2 Bxd4 25. Ne6 Bxf2+ 26. Kxf2 h6 27. Rxe4 Re8 28. Ke3 Ne7 29. Nd4 Nd5+ 30. Kd3 Rd8 31. Kc4 Kf7 32. Re5 Nc7 33. a4 Kf6 34. Re3 Nd5 35. Re6+ Kf7 36. b5 axb5+ 37. axb5 Nc7 38. Rb6 Rb8 39. c6 Nxb5 40. Nxb5 Rc8 41. Nd6+ 1-0